000
00210 a2200097 4500
001
28056
100
_a
Aziz, A
245
_a
Islam and the race question
260
_a
_b
Unesco Pub
_c
1970
090
_c
18756
_d
18756
942
_a
NUST-CAE
_c
M
_c
9731
999
_c
263129
_d
263129